000
00246nam a22001097a 4500
082
_a
629.2446 AUT'M
100
_a
MCGRAW HILL
_9
10562
245
_a
AUTOMOTIC TRANSMISSIONS
260
_a
NEWYORK
_b
MCGRAW HILL
_c
1955
300
_a
406P
942
_c
BK
999
_c
583417
_d
583417